Campeones de la Copa Mundial de la FIBA - Estadísticas

Estadísticas generales
  • Esta prueba ha sido intentada 11 veces
  • La puntuación promedio es 11 de 19
Estadísticas de respuestas
Año Campeón % Correcto
2019 España
90%
1954 Estados Unidos
90%
2010 Estados Unidos
90%
2006 España
80%
2014 Estados Unidos
80%
2023 Alemania
70%
1986 Estados Unidos
70%
1994 Estados Unidos
60%
1967 Unión Soviética
50%
1974 Unión Soviética
50%
1982 Unión Soviética
50%
1970 Yugoslavia
50%
1990 Yugoslavia
50%
2002 Yugoslavia
50%
1959 Brasil
40%
1963 Brasil
40%
1978 Yugoslavia
40%
1998 Yugoslavia
30%
1950 Argentina
20%
No se encontraron pruebas coincidentes
Distribución de puntuación
Porcentaje de gente con cada puntuación
Porcentaje por número respondido
Historial de tus puntuaciones
No has intentado esta prueba.